000
00259nam a2200109Ia 4500
008
240625s9999 xx 000 0 und d
041
_a
eng
082
_a
005.57 MIC
100
_a
MICROSOFT
245
_a
MICROSOFT OFFICE PROJECT PROFESSIONAL 20
260
_c
2003
999
_c
34891
_d
34891